• 首页
  • 本馆介绍
  • 公告通知
  • 最新文献
  • 馆藏检索
  • 电子资源
  • 读者导购
  • 参考咨询
  • 我的图书馆
  • 登录
  • 详细信息显示
  • 放入我的书架
  • 预约/预借图书
  • 作者相关作品
  • 分类相关作品
  • 丛书相关作品
  • 出版社相关作品

书目信息

  • 表格格式
  • 工作单格式
  • 卡片格式
题名:
中国经济增长与环境质量
    
 
作者: 侯伟丽 著
分册:  
出版信息: 北京   科学出版社  2005
页数: 232
开本: 20cm
丛书名: 人口、资源与环境经济学从书
单 册:
中图分类: X820.2
科图分类:
主题词: 环境质量--分析(化学) , 环境质量--评价
电子资源:
ISBN: 7-03-015465-7
000 00674nam0 2200217 450
001 0753815641
005 20070930145655.64
010    @a7-03-015465-7@d¥28.00
100    @a20070930d km y0chiy0120 ea
101 0  @achi
200 1  @a中国经济增长与环境质量@Azhong guo jing ji zeng zhang yu huan jing zhi liang@f侯伟丽著@Fhou wei li zhu
210    @a北京@c科学出版社@d2005
215    @a232@d20cm
225 2  @a人口、资源与环境经济学从书
410  0 @12001 @a人口、资源与环境经济学从书
606 0  @a环境质量@x分析(化学)
606 0  @a环境质量@x评价
690    @aX820.2@v3
701  0 @a侯伟丽@Ahou wei li@4著
801  0 @aCN@bPFT@c20070930
905    @a213230@dX820.2@eg5@f1
    
    中国经济增长与环境质量/侯伟丽著.-北京:科学出版社,2005
    232;20cm.-(人口、资源与环境经济学从书)
    
    
    ISBN 7-03-015465-7:¥28.00
    
●
相关链接 在E读中查询图书 在五车中查询图书 在当当中查询图书 在豆瓣中查询图书


正题名:中国经济增长与环境质量     索取号:X820.2/g5         预约/预借

序号 登录号 条形码 馆藏地/架位号 状态 备注
1 6504443   265044436   密集书库-海洋学院/ [索取号:X820.2/g5] 在馆    
唐山师范学院图书馆 欢迎您!
大连网信软件有限公司© 版权所有